Historia de la Rusia comunista : (Record no. 1970)

000 -CABECERA
fixed length control field 01007nam a22002297a 4500
003 - IDENTIFICADOR DEL NÚMERO DE CONTROL
control field AR-CdUCM
008 - DATOS DE LONGITUD FIJA--INFORMACIÓN GENERAL
fixed length control field 190228b ||||| |||| 00| 0 spa d
040 ## - FUENTE DE LA CATALOGACIÓN
Agencia/entidad que catalogó originalmente la obra MUNICIPALIDAD PROVINCIAL DEL CUSCO
Entidad que transcribió la catalogación BIBLIOTECA MUNICIPAL DEL CUSCO
082 ## - NÚMERO DE LA CLASIFICACIÓN DECIMAL DEWEY
No. de Clasificación 947.083 /
Notacion interna W44
100 ## - ENTRADA PRINCIPAL--NOMBRE DE PERSONA
Nombre Personal Welter, Gustave
245 ## - MENCIÓN DE TÍTULO
Título Historia de la Rusia comunista :
Resto del título 1917-1935 /
260 ## - PUBLICACIÓN, DISTRIBUCIÓN, ETC.
Lugar de publicación, distribución, etc. Santiago de Chile :
Nombre de la editorial, distribuidor, etc. Empresa Letras,
Fecha de publicación, distribución, etc. 1936.
300 ## - DESCRIPCIÓN FÍSICA
Nº de Páginas Extensión 223 páginas ;
Dimensiones 18 cm.
505 ## - NOTA DE CONTENIDO CON FORMATO
Nota de contenido formateada Contendo : Visison general del pasado ruso -- La Rusia revolucionaria -- La revolución de febrero -- La revolución de octubre -- Organización del régimen -- La guerra civil -- El comunismo moderno -- La herencia de Lennin -- El Stalinismo -- La estabilización del régimen.
650 ## - PUNTO DE ACCESO ADICIONAL DE MATERIA--TÉRMINO DE MATERIA
Descriptor Historia rusa
9 (RLIN) 7190
650 ## - PUNTO DE ACCESO ADICIONAL DE MATERIA--TÉRMINO DE MATERIA
Descriptor Comunismo
9 (RLIN) 495
650 ## - PUNTO DE ACCESO ADICIONAL DE MATERIA--TÉRMINO DE MATERIA
Descriptor Régimen comunista
9 (RLIN) 7191
700 ## - PUNTO DE ACCESO ADICIONAL--NOMBRE DE PERSONA
Nombre Personal Delaisi, Francis (prefacio)
9 (RLIN) 7192
700 ## - PUNTO DE ACCESO ADICIONAL--NOMBRE DE PERSONA
Nombre Personal Espinosa, Januario (Versión española)
9 (RLIN) 7193
942 ## - ELEMENTOS DE PUNTO DE ACCESO ADICIONAL (KOHA)
Fuente de clasificación
Tipo de item Libros-BMC
945 ## - PROCESAMIENTO DE INFORMACIÓN LOCAL (OCLC)
Catalogador zta
Holdings
Estado de retiro (separado) Fuente de clasificación o esquema de estanterías Estado dañado Ubicación Sala donde se ubica Nombre de la colección Fecha de adquisición o compra Costo, precio normal en soles Signatura topográfica Código de Barras Última vez visto (Koha) Tipo de ítem (Koha)
No     Sala Humanidades Sala Humanidades Book Cart 2019-02-28 50.00 947.083 / W44 SH0000002425 2019-02-28 Libros-BMC
No     Sala Humanidades Sala Humanidades Book Cart 2019-05-02 50.00 947.083 / W44 / e.2 SH0000011220 2019-05-02 Libros-BMC

Powered by Koha